Sammie's only comfort comes from the Avenue Z Club where things are not only normal, but fun. She goes there in the afternoons after school and helps her new friend Sam run the candy store. Only now she's worried that, because of her big lie, she might lose the right to go to the club. (Record no. 6401)
[ view plain ]
| 000 -LEADER | |
|---|---|
| fixed length control field | 00535nam a22001217a 4500 |
| 082 ## - DEWEY DECIMAL CLASSIFICATION NUMBER | |
| Classification number | 823 |
| Item number | NAI/S |
| 100 ## - MAIN ENTRY--AUTHOR NAME | |
| Personal name | NAIR, SHANTA N |
| 245 ## - TITLE STATEMENT | |
| Title | Sammie's only comfort comes from the Avenue Z Club where things are not only normal, but fun. She goes there in the afternoons after school and helps her new friend Sam run the candy store. Only now she's worried that, because of her big lie, she might lose the right to go to the club. |
| 260 ## - PUBLICATION, DISTRIBUTION, ETC. (IMPRINT) | |
| Place of publication | THRISSUR |
| Name of publisher | H & C PUBLISHING HOUSE |
| Year of publication | 2007 |
| 300 ## - PHYSICAL DESCRIPTION | |
| Number of Pages | 96 |
| 520 ## - SUMMARY, ETC. | |
| Summary, etc | SHORT STORY |
| 942 ## - ADDED ENTRY ELEMENTS (KOHA) | |
| Koha item type | Books |
| Withdrawn status | Lost status | Collection code | Home library | Current library | Shelving location | Date acquired | Source of acquisition | Cost, normal purchase price | Full call number | Accession Number | Koha item type |
|---|---|---|---|---|---|---|---|---|---|---|---|
| Fiction | Main Library | Main Library | SHELF 15-K-CHILDREN'S STORYBOOKS | 05/07/2023 | Purchase | 10.00 | 823 NAI/S | 05307 | Books |